000 00297nam a22001097a 4500
008 260422b |||||||| |||| 00| 0 eng d
100 _aTripathi, Radhavallabh
245 _aNatyashastra Tatha Asiayee Rangman
260 _aDelhi
_bNew Bharatiya Book Corporation
_c2022
300 _a322p
942 _2ddc
999 _c1261
_d1261